Statistics for Laguna Beach (The real Orange County) Quiz

Click here to take the quiz!

General Stats

  • This quiz has been taken 5 times
  • The average score is 12 of 15

Answer Stats

QuestionAnswer% Correct
What was Lauren's dad's profession?Architect
100%
Lo comes up with a themed party name to have at a hotel, what was the name of the party?Black and White Affair
100%
Who was Stephen's wingman?Dieter
100%
Who did Morgan go to prom with?Gary
100%
What kind of car does Kristin say is "Dunzo"?Isuzu Trooper
100%
Who was the narrator of Laguna Beach season 1?Lauren
100%
At Treys party, what do Polster and Dieter tell Lauren they are going to do?Put soap in hotel jacuzzies
100%
What was the name of the hotel they have the above party at?Surf and Sand
100%
Where does Stephen work?Surf and Sport
100%
What trio goes to a Fashion Show?Trey, Stephen, Lauren
100%
What does Stephen dress up as while camping on Catalina Island?Bear
75%
Who tells Kristin that they seen Stephen driving from Laurens house in the morning?Morgan the Junior
75%
What school does Morgan (the senior) not get excepted to?BYU-Hawaii
25%
Who does Lo go to Sushi with while her friends are camping in Catalina?Mike
25%
Who does Talan say he is sick of hooking up with?Lauren
0%

Score Distribution

Percentile by Number Answered

Percent of People with Each Score

Your Score History

You have not taken this quiz